Daily planning for today's lesson : (Record no. 6011)

MARC details
000 -LEADER
fixed length control field 00689nam a22002057a 4500
003 - CONTROL NUMBER IDENTIFIER
control field OSt
005 - DATE AND TIME OF LATEST TRANSACTION
control field 20251121143946.0
008 - FIXED-LENGTH DATA ELEMENTS--GENERAL INFORMATION
fixed length control field 251121b |||||||| |||| 00| 0 eng d
020 ## - INTERNATIONAL STANDARD BOOK NUMBER
International Standard Book Number 0534-53914-9.
040 ## - CATALOGING SOURCE
Original cataloging agency DWCL-Main lib
Transcribing agency OC
082 ## - DEWEY DECIMAL CLASSIFICATION NUMBER
Classification number Circ. 371.3028 P945d 2003
100 ## - MAIN ENTRY--PERSONAL NAME
Personal name Price, Kay M.
245 ## - TITLE STATEMENT
Title Daily planning for today's lesson :
Remainder of title a guide to writing lesson and activity plans 2nd ed.
Statement of responsibility, etc. Price, Kay M.
260 ## - PUBLICATION, DISTRIBUTION, ETC.
Place of publication, distribution, etc. Australia :
Name of publisher, distributor, etc. Thomson/Wadsworth,
Date of publication, distribution, etc. c2003.
300 ## - PHYSICAL DESCRIPTION
Extent vi, 154 pages ;
Dimensions 27 cm.
504 ## - BIBLIOGRAPHY, ETC. NOTE
Bibliography, etc. note Includes Bibliographical refrences
650 ## - SUBJECT ADDED ENTRY--TOPICAL TERM
Source of heading or term 1. Lesson planning-handbooks, manuals, etc.
700 ## - ADDED ENTRY--PERSONAL NAME
Personal name Nelson, Karina L.
942 ## - ADDED ENTRY ELEMENTS (KOHA)
Source of classification or shelving scheme Dewey Decimal Classification
Koha item type Book Circulation
Call number prefix Circ.
Suppress in OPAC No
952 ## - LOCATION AND ITEM INFORMATION (KOHA)
--
Holdings
Withdrawn status Lost status Source of classification or shelving scheme Damaged status Not for loan Home library Current library Shelving location Date acquired Source of acquisition Total Checkouts Full call number Barcode Date last seen Copy number Price effective from Koha item type Uniform Resource Identifier
    Dewey Decimal Classification     College Library College Library Circulation 06/24/2008 School Fund   Circ. 371.3028 P945d 2003 45992 11/21/2025 c1 11/21/2025 BK-CIRC